000
00245 a2200097 4500
001
35332
100
_a
Taylor E
245
_a
The Performance & Design of A C Commulator Motors
260
_a
Allahabad
_b
A H Wheeler & C
_c
090
_c
23364
_d
23364
942
_a
NUST-CAE
_c
M
_c
14852
999
_c
270405
_d
270405